00271nam a2200109 a 4500008004100000050001500041100001700056245004100073260000900114350000900123500002900132120416s1979 xx |||||||||||||| || u aTH 145 Kin aKing, Harold10aComponentscrevised by Derek Osbourn c1979 a0.00 a24 copies in SBE LIBRARY